UM Logo

Employment relationships : (Record no. 4451)

MARC details
000 -LEADER
fixed length control field 01926cam a2200385 a 4500
001 - CONTROL NUMBER
control field 15365772
003 - CONTROL NUMBER IDENTIFIER
control field OSt
005 - DATE AND TIME OF LATEST TRANSACTION
control field 20160910104259.0
008 - FIXED-LENGTH DATA ELEMENTS--GENERAL INFORMATION
fixed length control field 080714s2008 enka b 001 0 eng
010 ## - LIBRARY OF CONGRESS CONTROL NUMBER
LC control number 2008275035
015 ## - NATIONAL BIBLIOGRAPHY NUMBER
National bibliography number GBA7A1703
Source bnb
016 7# - NATIONAL BIBLIOGRAPHIC AGENCY CONTROL NUMBER
Record control number 014469523
Source Uk
020 ## - INTERNATIONAL STANDARD BOOK NUMBER
International Standard Book Number 9780521865371 (hbk.)
020 ## - INTERNATIONAL STANDARD BOOK NUMBER
International Standard Book Number 978-0-521-68408-8 (pbk.)
035 ## - SYSTEM CONTROL NUMBER
System control number (OCoLC)ocn166382322
040 ## - CATALOGING SOURCE
Original cataloging agency UKM
Transcribing agency UKM
Modifying agency BTCTA
-- BAKER
-- YDXCP
-- BWKUK
-- BWX
-- EU0
-- COD
-- DLC
042 ## - AUTHENTICATION CODE
Authentication code ukblcatcopy
-- lccopycat
050 00 - LIBRARY OF CONGRESS CALL NUMBER
Classification number HD6971
Item number .E557 2008
082 04 - DEWEY DECIMAL CLASSIFICATION NUMBER
Classification number DC 331
Edition number 2008
Item number Em7
245 00 - TITLE STATEMENT
Title Employment relationships :
Remainder of title new models of white-collar work /
Statement of responsibility, etc. edited by Peter Cappelli.
260 ## - PUBLICATION, DISTRIBUTION, ETC. (IMPRINT)
Place of publication, distribution, etc. Cambridge :
Name of publisher, distributor, etc. Cambridge University Press,
Date of publication, distribution, etc. 2008.
300 ## - PHYSICAL DESCRIPTION
Extent xii, 264 pages :
Other physical details illustrations ;
Dimensions 23 cm.
440 #0 - SERIES STATEMENT/ADDED ENTRY--TITLE
Title Cambridge companions to management
504 ## - BIBLIOGRAPHY, ETC. NOTE
Bibliography, etc Includes bibliographical references and index.
505 00 - FORMATTED CONTENTS NOTE
Title Corporate restructuring and the employment relationship /
Statement of responsibility John C. Dencker --
Title The up and out in organizations /
Statement of responsibility Margaret Yap --
Title In the pursuit of quality and quantity : the competing demands in call centers /
Statement of responsibility Steffanie L. Wilk --
Title Three's a crowd? : understanding triadic employment relationships /
Statement of responsibility Matthew Bidwell and Isabel Fernandez-Mateo --
Title The changed world of large law firms and their lawyers : an opportune context for organization researchers /
Statement of responsibility Peter D. Sherer --
Title The upside of bureaucracy : unintended benefits for professional careers /
Statement of responsibility Forrest Briscoe.
650 #0 - SUBJECT ADDED ENTRY--TOPICAL TERM
Topical term or geographic name as entry element Industrial relations.
650 #0 - SUBJECT ADDED ENTRY--TOPICAL TERM
Topical term or geographic name as entry element White collar workers.
650 #0 - SUBJECT ADDED ENTRY--TOPICAL TERM
Topical term or geographic name as entry element Labor market.
650 #0 - SUBJECT ADDED ENTRY--TOPICAL TERM
Topical term or geographic name as entry element Organizational change.
700 1# - ADDED ENTRY--PERSONAL NAME
Personal name Cappelli, Peter.
Relator term editor
856 41 - ELECTRONIC LOCATION AND ACCESS
Materials specified Table of contents only
Uniform Resource Identifier <a href="http://www.loc.gov/catdir/toc/fy0805/2008275035.html">http://www.loc.gov/catdir/toc/fy0805/2008275035.html</a>
906 ## - LOCAL DATA ELEMENT F, LDF (RLIN)
a 7
b cbc
c copycat
d 2
e ncip
f 20
g y-gencatlg
942 ## - ADDED ENTRY ELEMENTS (KOHA)
Source of classification or shelving scheme Dewey Decimal Classification
Koha item type Circulation
Holdings
Withdrawn status Lost status Source of classification or shelving scheme Damaged status Not for loan Collection code Home library Current library Date acquired Source of acquisition Total Checkouts Full call number Barcode Date last seen Copy number Price effective from Koha item type
    Dewey Decimal Classification     Circulation UM Digos College - LIC UM Digos College - LIC 07/19/2011 Photocopied   DC 331 Em7 2008 21648 06/08/2021 1 09/10/2016 Circulation